Statystyki dla Imiona chorwackich piłkarzy z gry FIFA 20

Kliknij tutaj aby rozwiązać quiz!

Ogólne statystyki

  • Ten quiz został rozwiązany 206 razy
  • Średni wynik to 7 z 12

Statystyki odpowiedzi

NazwiskoImię% Poprawnych
PerišićIvan
100%
RakitićIvan
100%
ModrićLuka
100%
MandžukićMario
100%
LovrenDejan
88%
BrozovićMarcelo
88%
SubašićDanijel
75%
KovačićMateo
75%
PašalićMario
67%
VidaDomagoj
60%
BrekaloJosip
50%
RogMarko
40%
PjacaMarko
40%
VrsaljkoŠime
40%
KalinićNikola
38%
KramarićAndrej
33%
RebićAnte
33%
BudimirAnte
29%
BenkovićFilip
20%
PongračićMarin
20%
OršićMislav
17%
ĆorlukaVedran
17%
ĆorićAnte
13%
BarišićBorna
0%
KrovinovićFilip
0%

Rozkład punktacji

Percentyl według liczby udzielonych odpowiedzi

Procent ludzi z każdym wynikiem

Twoja historia wyników

Nie rozwiązałeś tego quizu